Pandimadevi (Record no. 177935)

MARC details
000 -LEADER
fixed length control field 00343nam a22001577a 4500
005 - DATE AND TIME OF LATEST TRANSACTION
control field 20260618101904.0
020 ## - INTERNATIONAL STANDARD BOOK NUMBER
ISBN 9789391793241
041 ## - LANGUAGE CODE
Language code of text/sound track or separate title English
082 ## - DEWEY DECIMAL CLASSIFICATION NUMBER
Classification number T13 R25 PAR
100 ## - MAIN ENTRY--AUTHOR NAME
Personal name Parthasarathy.NA
245 ## - TITLE STATEMENT
Title Pandimadevi
260 ## - PUBLICATION, DISTRIBUTION, ETC. (IMPRINT)
Place of publication Chennai
Name of publisher Cholan Publications
Year of publication 2025
300 ## - PHYSICAL DESCRIPTION
Number of Pages 664
365 ## - TRADE PRICE
Price amount 2745.00
942 ## - ADDED ENTRY ELEMENTS (KOHA)
Koha item type Books
Holdings
Withdrawn status Lost status Home library Current library Date acquired Cost, normal purchase price Full call number Accession Number Cost, replacement price Department Koha item type
    PSG-CAS LIBRARY PSG-CAS LIBRARY 18/06/2026 2745.00 T13 R25 PAR 154255 2745.00 Tamil Books

Contact Us:

PSGCAS LIBRARY
Phone: 04224303300
Website: http://www.psgcas.ac.in/ | Email: psgcaslib@gmail.com


You are Visitor Number

web counter